| 000 | 00456nam a2200193Ia 4500 | ||
|---|---|---|---|
| 005 | 20240813015751.0 | ||
| 008 | 240331s9999 xx 000 0 und d | ||
| 020 | _a0415072387 | ||
| 082 |
_bMON _a400 |
||
| 100 | _aMontgomery, M | ||
| 245 | 3 | _aAn introduction to language and society | |
| 250 | _a2nd | ||
| 260 |
_aLondon _bRoutledge _c1995 |
||
| 300 | _axxix, 272 p ., | ||
| 650 | _aSociety | ||
| 650 | _aCulture | ||
| 650 | _aSocial | ||
| 942 | _cL | ||
| 999 |
_c3026 _d3026 |
||